Plantas de sombra /
Guardado en:
| Autor Principal: | |
|---|---|
| Formato: | Libro |
| Publicado: |
Madrid :
Tursen,
1994
|
| Materias: | |
| Etiquetas: |
Agregar Etiqueta
Sin Etiquetas, Sea el primero en etiquetar este registro!
|
| LEADER | 00842nam a22002055a 4500 | ||
|---|---|---|---|
| 001 | CEM.cems017669 | ||
| 005 | 20110812081927.0 | ||
| 008 | 130507s1994##################000#0#####d | ||
| 003 | CEMS | ||
| 020 | |a 848775645X | ||
| 082 | 0 | 4 | |a 635.9543 |
| 100 | 1 | |a Buczacki, Stefan | |
| 245 | 1 | 0 | |a Plantas de sombra / |c Stefan Buczacki |
| 260 | |a Madrid : |b Tursen, |c 1994 | ||
| 300 | |a 128 p. | ||
| 505 | 0 | |a La ciencia de la sombra -- Clases de sombras -- Plantas y formas de plantarlas -- Nutrientes y agua -- Suelo -- Plagas y enfermedades -- Fichero de plantas -- Bulbos -- Alpinas -- Trepadoras -- Arbustivas -- Perennes -- Helechos -- Anuales -- Hierbas y plantas herbáceas | |
| 653 | |a Plantas de sombra | ||
| 653 | |a Plantas de sombra-suelos | ||
| 653 | |a Plantas de sombra-enfermedades | ||
| 859 | |a CEMS |b BIB. CEMS - Agricultura |h 635.9543 |i B858 |p A1409.11 |t Ej.1 | ||
